Nomád de luxe
Enregistré dans:
| Auteur principal: | |
|---|---|
| Autres auteurs: | |
| Format: | Manuscrit Livre |
| Langue: | slovaque |
| Publié: |
2025
|
| Sujets: | |
| Accès en ligne: | http://is.stuba.sk/zp/portal_zp.pl?podrobnosti=168419 |
| Tags: |
Pas de tags, Soyez le premier à ajouter un tag!
|
MARC
| LEADER | 00000ntm a22000003a 4500 | ||
|---|---|---|---|
| 001 | stuzp105335 | ||
| 003 | SK-STU | ||
| 005 | 20250614213751.1 | ||
| 007 | ta | ||
| 008 | 150427s2015----xo-----f-mn---000-0-slo-d | ||
| 040 | |a STU |b slo | ||
| 041 | 0 | |a slo | |
| 100 | 1 | |a Chornoshtan, Anastasiia |u 059200 |4 aut |U FAD Fakulta architektúry a dizajnu |T FAD Ústav výtvarnej tvorby a multimédií |X 115738 |U A9200 |Y 821 |7 115738 | |
| 242 | 0 | 1 | |a Nomad de luxe |y eng |
| 245 | 1 | 0 | |a Nomád de luxe |
| 260 | |c 2025 | ||
| 650 | 4 | |a adaptation |2 eng | |
| 650 | 4 | |a slowdown |2 eng | |
| 650 | 4 | |a minimalism |2 eng | |
| 650 | 4 | |a modern nomadism |2 eng | |
| 650 | 4 | |a minimalizmus |2 slo | |
| 650 | 4 | |a adaptácia |2 slo | |
| 650 | 4 | |a spomalenie |2 slo | |
| 650 | 4 | |a novodobé nomádstvo |2 slo | |
| 700 | 1 | |a Šuda, Michal |u 059200 |k Z1 |4 ths |U FAD Fakulta architektúry a dizajnu |T FAD Ústav výtvarnej tvorby a multimédií |X 60378 |U A9200 |Y 821 |7 A000060378 | |
| 856 | 4 | |u http://is.stuba.sk/zp/portal_zp.pl?podrobnosti=168419 | |